Soccer Knowledge by Letter - D - Statistics

General Stats
  • This quiz has been taken 33 times
  • The average score is 6 of 8
Answer Stats
Hint Answer % Correct
Bayern Munich rival Borussia Dortmund
97%
Tied game Draw
90%
Opposite of offense Defense
87%
Kyiv soccer team Dynamo Kyiv
87%
Former Chelsea player,carried them to the Champions League in 2012 Didier Drogba
81%
Legendary Man Utdgoalkeeper David De Gea
55%
Holds the all-time worstEPL record Derby County
52%
Zagreb soccer team Dynamo Zagreb
35%
No matching quizzes found
Score Distribution
Percent of People with Each Score
Percentile by Number Answered
Your Score History
You have not taken this quiz